000 01099nam a2200253 a 4500
001 BRCA_5064
005 20190320204926.0
008 081110s1868----mx-#######---#000-0#spa-#
041 _aspa
044 _amx
050 4 _aF1233.M3
_b.A97 1868
100 1 _aAzpiroz, Manuel
_912913
245 1 0 _aCausa de Fernando Maximiliano de Hapsburgo
_bque se ha titulado Emperador de México y sus llamados Generales Miguel Miramon y Tomas Mejía. Sus cómplices : por delitos contra la Independencia y seguridad de la Nación, el órden y la paz pública, el derecho de gentes y las garantías individuales
_cFiscal el C. Manuel Azpiroz ; Escribano el C. Jacinto Melendez.
260 _aMéxico
_bT. F. Neve
_c1868
300 _a473 p.
_c18 cm.
500 _aEstado físico: encuadernación deteriorada, la portada se encuentra suelta
500 _aD155
600 1 4 _aMaximiliano de Hapsburgo
_cEmperador de México
_d1832-1867
_912914
650 1 4 _aIntervención francesa
_y1861-1867
_912915
651 4 _aMéxico
_xHistoria
_9614
700 1 _aMelendez, Jacinto
_912916
902 _aGFM
942 _2lcc
_cB
999 _c4758
_d4758